000 00742nam a22002297a 4500
005 20100813115918.0
010 _aENG-100317
020 _c300.00
035 _aEN-83849
037 _bDBAD/PUB
082 _a506.254
245 _aThe year book 2008 /
260 _aNew Delhi
_bIndian National science academy
_c200?
270 _aNew Delhi
_bBahadur Shah Zafar Marg,
_e110002
300 _ax, 339p.
_c22cm (Hb)
650 _aIndian National science academy
_913851
650 _aIndia
650 _aScience
_913852
700 _912606
942 _2ddc
_cEN
_h506.254
_mTHE
999 _c41699
_d41699